| 000 | 00369nam a2200145Ia 4500 | ||
|---|---|---|---|
| 008 | 150201s2013 xx 000 0 und d | ||
| 082 |
_a612 _bE2013S |
||
| 100 | _aSEMBULINGAM,K | ||
| 245 | _aESSENTIALS OF MEDICAL PHYSIOLOGY | ||
| 250 | _a6TH | ||
| 260 |
_bJAYPEE MEDICAL PUBLISHER _aNEW DELHI _c2013 |
||
| 300 | _a1-1092 | ||
| 650 | _aPHYSIOLOGY | ||
| 942 |
_2ddc _cBK _024 |
||
| 999 |
_c4798 _d4798 |
||